=LDR 00000nam 2200000 4500 =001 INLIS000000000033267 =005 20130612135230 =008 ***********************************ind** =035 ##$$0010-061300000033267 =041 ##$$a ind =082 ##$$a 341 =090 ##$$a 341, Sup h =100 ##$$a Supriyantmoko, Irawan =245 ##$$a Hukum internasional, Irawan Supriyatmoko =260 ##$$a 2010 $b Yogyakarta =300 ##$$a viii,206 hlm, 21 cm =650 ##$$a Hukum Interfnasional =850 ##$$a NBPNMAT